| 000 | 00877nam a22002177a 4500 | ||
|---|---|---|---|
| 999 |
_c160209 _d160209 |
||
| 005 | 20190118161527.0 | ||
| 008 | 190118b ||||| |||| 00| 0 eng d | ||
| 010 | _aB-713065 | ||
| 020 |
_a9789352705290 _c1695.00 |
||
| 035 | _aB-713065 | ||
| 037 | _bL/RP/RKBooks | ||
| 082 |
_24th ed _a617.645 |
||
| 100 | _aMarwah, Nikhil | ||
| 245 |
_aTextbook of pediatric dentistry / _cNikhil Marwah |
||
| 250 | _a4th ed | ||
| 260 |
_aNew delhi _bJaypee brothers medical publishers _c2019 |
||
| 270 |
_a4838/24, Ansari road, daryaganj _bNew delhi _e110002 _k+91-1143574357 _l+91-1143574314 _mjaypee@jaypeebrothers.com |
||
| 300 |
_axxxv,1099p. _c27cm. |
||
| 942 |
_2ddc _cEN _e4th ed _h617.645 _mMAR |
||